000 00368nam a2200157Ia 4500
008 230711s9999||||xx |||||||||||||| ||und||
041 _aENG
082 _a720
_bHO-M
100 _aHorsedraj,H
245 0 _aModels analysis structure
250 _a1st
260 _c1971
_aNew York
_bVan Nostrand Reinhold Co.
300 _a239
650 _aArchitecture
942 _cBK
999 _c2032
_d2032